Semiótica en Chile. Cartografía 1990-2015.

-д хадгалсан:
Номзүйн дэлгэрэнгүй
Үндсэн зохиолч: Parra Ortiz, Elizabeth (autora)
Бусад зохиолчид: Meza Fernández, Sandra (autora), Guajardo Soto, Gabriel (autor)
Формат: Ном
Хэвлэсэн: Concepción, Chile: Ediciones Escaparate, 2021.
Нөхцлүүд:
Шошгууд: Шошго нэмэх
Шошго байхгүй, Энэхүү баримтыг шошголох эхний хүн болох!

MARC

LEADER 00000nam a22000007a 4500
003 CL-VaPUC
005 20231128114036.0
008 220823t2021 ||||| |||| 00| 0 eng d
999 |c 438445  |d 438443 
020 |a 978-956-394-055-8 
040 |c Pontificia Universidad Católica de Valparaíso 
082 |2 22  |a 401.41 PAR 2021  
100 1 |a Parra Ortiz, Elizabeth  |e autora  |9 875822 
245 |a Semiótica en Chile.  |b Cartografía 1990-2015. 
260 |a Concepción, Chile:  |b Ediciones Escaparate,  |c 2021. 
300 |a 311 páginas. 
500 |a c.1. Donación Literatura. 
583 |c 20220823  |k Catalogador Asistente 
650 0 |9 265317  |a Semiótica  |x Investigación multidisciplinar   |z Chile  
650 0 |a Análisis del discurso  |x Aspectos sociales  |9 256696 
650 0 |9 266055  |a Cartografía   |x Semiótica   |y 1990-2015  
700 |a Meza Fernández, Sandra  |e autora  |9 875823 
700 |a Guajardo Soto, Gabriel  |e autor  |9 875824 
942 |2 ddc  |c BK 
952 |0 0  |1 0  |2 ddc  |4 0  |6 401_410000000000000_PAR_2021  |7 0  |8 A  |9 586378  |a BIBEDU  |b BIBEDU  |c GEN  |d 2022-08-23  |e Donación  |i 5654395  |l 2  |o 401.41 PAR 2021  |p 5654395  |r 2023-08-09  |s 2023-03-02  |t 1  |w 2022-08-23  |y BK  |k LIT